effects of ruvver seed utilization in the diet on growing rate of broiler at royal university of agriculture ( ឥទ្ធិពលនៃការប្រើប្រាស់គ្រាប់កៅស៊ូក្នុងចំណីផ្សំទៅលើការលូតលាស់របស់មាន់សាច់នៅស្ថានីយចិញ្ចឹមសត្វនៃសាកលវិទ្យាល័យភូមិន្ទកសិកម្ម) (Record no. 1897)

000 -LEADER
fixed length control field 00837nam a22001577a 4500
003 - CONTROL NUMBER IDENTIFIER
control field OSt
005 - DATE AND TIME OF LATEST TRANSACTION
control field 20151004152303.0
008 - FIXED-LENGTH DATA ELEMENTS--GENERAL INFORMATION
fixed length control field 151004b xxu||||| |||| 00| 0 eng d
040 ## - CATALOGING SOURCE
Transcribing agency RUA
082 ## - DEWEY DECIMAL CLASSIFICATION NUMBER
Classification number AVM TOP 2004 B074 Or.1
100 ## - MAIN ENTRY--PERSONAL NAME
9 (RLIN) 2008
Personal name TOP, RATHEANIN.
245 ## - TITLE STATEMENT
Title effects of ruvver seed utilization in the diet on growing rate of broiler at royal university of agriculture ( ឥទ្ធិពលនៃការប្រើប្រាស់គ្រាប់កៅស៊ូក្នុងចំណីផ្សំទៅលើការលូតលាស់របស់មាន់សាច់នៅស្ថានីយចិញ្ចឹមសត្វនៃសាកលវិទ្យាល័យភូមិន្ទកសិកម្ម)
260 ## - PUBLICATION, DISTRIBUTION, ETC. (IMPRINT)
Place of publication, distribution, etc. Phnom Penh
Name of publisher, distributor, etc. RUA
Date of publication, distribution, etc. 2004
300 ## - PHYSICAL DESCRIPTION
Extent 38p.
Other physical details ill.
Dimensions 29cm.
942 ## - ADDED ENTRY ELEMENTS (KOHA)
Source of classification or shelving scheme
Koha item type AVM
Holdings
Price effective from Date last seen Permanent Location Not for loan Date acquired Source of classification or shelving scheme Koha item type Lost status Withdrawn status Date last checked out Total Checkouts Shelving location Damaged status Barcode Current Location Full call number
2015-10-042019-01-16Library Block B 2015-10-04 AVM  2018-12-261B074 RUA015030Library Block BAVM TOP 2004 B074 Or.1
2015-10-042019-11-27Library Block B 2015-10-04 AVM  2019-11-223B074 RUA015172Library Block BAVM TOP 2004 B074 Or.2
2015-10-042015-10-04Library Block B 2015-10-04 AVM    B074 RUA015027Library Block BAVM TOP 2004 B074 Or.3
មជ្ឈមណ្ឌលឯការនៃសាកលវិទ្យាល័យភូមិន្ទកសិកម្មចំការដូង

Powered by Koha